Video Games by Year: 2002 - Statistics

General Stats
  • This quiz has been taken 67 times
  • The average score is 5 of 16
Answer Stats
Picture Answer % Correct
Kingdom Hearts
85%
Spyro: Enter the Dragonfly
85%
Kirby: Nightmare in Dream Land
80%
The Legend of Zelda: The Wind Waker
59%
Castlevania: Harmony of Dissonance
46%
The Elder Scrolls III: Morrowind
36%
Medal of Honor: Allied Assault
34%
Final Fantasy XI
19%
Armored Core 3
14%
Battlefield 1942
12%
Gothic II
12%
Sonic Advance 2
7%
Heroes of Might and Magic IV
5%
Shin Megami Tensei: Nine
3%
Soldier of Fortune II: Double Helix
3%
Space Ranngers
0%
No matching quizzes found
Score Distribution
Percent of People with Each Score
Percentile by Number Answered
Your Score History
You have not taken this quiz